000 00832nam a22002057a 4500
005 20140702152648.0
008 140310b2011 it |||||r||||a00| 0 spa d
041 _aspa
044 _ack
082 _a664.94
_bL347c
100 1 _aLasso, Carlos
_91797
245 1 0 _aConsumo de pescado y fauna acuática en la Cuenca Amazónica Venezolana : análisis de nueve casos de estudio entre comunidades indígenas
_cCarlos Lasso
260 _aRoma
_bAutoridad Nacional de Acuicultura y Pesca - AUNAP
_bMinisterio de Agricultura y Desarrollo Rural
_bFAO
_bFedeacua
_c2011
300 _a28 p.
_btablas
_c28 cm.
490 _aCOPESCAALC documento Ocasional
_v15
650 4 _aConsumo de pescado
_zVenezuela
_924576
650 4 _aConsumo de fauna acuática
_zVenezuela
_924577
651 _aVenezuela
_zCuenca Amazónica
_924578
942 _2ddc
_cImpreso
999 _c8502
_d8502